Komparácia vybraných nástrojov environmentálnej politiky v krajinách Európskej únie

Vybrané nástroje environmentálnej politiky z teoretického aj praktického hľadiska. Pomocou Štatistického úradu EÚ – Eurostatu boli analyzované vybrané environmentálnej nástroje v časovom horizonte 5 rokov. Slovensko z porovnávaných krajín má najvyšší podiel environmentálnych daní na celkovom príjme...

Descrizione completa

Salvato in:
Dettagli Bibliografici
Autore principale: Dupaľ, Andrej
Altri autori: Richnák, Patrik, 1988-, Gubová, Klaudia, 1986-
Natura: Capitolo di libro
Lingua:slovacco
Soggetti:
Tags: Aggiungi Tag
Nessun Tag, puoi essere il primo ad aggiungerne!!

MARC

LEADER 00000nla a2200000 4500
001 0228006
005 20240502073744.7
041 0 |a slo 
044 |a SK 
245 1 0 |a Komparácia vybraných nástrojov environmentálnej politiky v krajinách Európskej únie  |c Andrej Dupaľ, Patrik Richnák, Klaudia Gubová 
520 |a Vybrané nástroje environmentálnej politiky z teoretického aj praktického hľadiska. Pomocou Štatistického úradu EÚ – Eurostatu boli analyzované vybrané environmentálnej nástroje v časovom horizonte 5 rokov. Slovensko z porovnávaných krajín má najvyšší podiel environmentálnych daní na celkovom príjme z daní, avšak pri počte produktov s právom používať Európsku environmentálnu značku a počet registrovaných organizácií s EMAS výrazne stagnuje oproti Rakúsku, Španielsku a Švédsku. 
610 2 0 |a politika environmentálna 
610 2 0 |a ochrana prostredia životného 
610 2 0 |a dane ekologické 
610 2 0 |a ecolabelling 
610 2 0 |a Slovensko 
610 2 0 |a Európska únia 
100 1 |a Dupaľ, Andrej 
700 1 |a Richnák, Patrik, 1988- 
700 1 |a Gubová, Klaudia, 1986-